[Event "Gausdal Int"]
[Site "Gausdal"]
[Date "1989.??.??"]
[Round "?"]
[White "Bjerke, Richard"]
[Black "Gikas, Basilius"]
[Result "1-0"]
[WhiteElo "2335"]
[BlackElo "2230"]

1.d4 Nf6 2.c4 g6 3.Nc3 d5 4.cxd5 Nxd5 5.e4 Nxc3 6.bxc3 Bg7 7.Bc4 O-O 8.Ne2 b6
9.e5 e6 10.h4 Nc6 11.Nf4 Na5 12.Bd3 c5 13.h5 cxd4 14.hxg6 fxg6 15.Qg4 Qc7
16.Rxh7 Qxe5+ 17.Kf1 Kxh7 18.Nxg6 Rxf2+ 19.Kxf2 Qf6+ 20.Kg1 Kg8 21.Bg5 e5
22.Qh5  1-0

[Event "Arnold Cup"]
[Site "Gausdal"]
[Date "1989.??.??"]
[Round "?"]
[White "Wells, Peter K"]
[Black "Mohr, Stefan"]
[Result "0-1"]
[WhiteElo "2410"]
[BlackElo "2530"]

1.d4 Nf6 2.c4 g6 3.Nc3 d5 4.cxd5 Nxd5 5.e4 Nxc3 6.bxc3 Bg7 7.Nf3 c5 8.Rb1 O-O
9.Be2 Nd7 10.O-O Nf6 11.Bd3 Qc7 12.Re1 b6 13.Bd2 e6 14.e5 Nd5 15.Ng5 Bb7
16.Qg4 Ne7 17.Qh3 h6 18.Ne4 Bxe4 19.Bxe4 Rad8 20.Bxh6 cxd4 21.cxd4 Rxd4 22.Bxg7 Kxg7
23.Qf3 Qxe5 24.Bxg6 Qf6 25.Be4 Qxf3 26.Bxf3 Rc8 27.Red1 Rxd1+ 28.Bxd1 Nd5
29.Kf1 Nc3 30.Rc1 Rc5 31.a3 b5 32.Bf3 a5 33.Ke1 e5 34.Kd2 b4 35.axb4 axb4
36.g3 e4 37.Bg2 f5 38.Rc2 Rd5+ 39.Ke3 Rd3+ 40.Kf4 Kf6  0-1

[Event "Bundesliga 8889"]
[Site "Germany"]
[Date "1989.??.??"]
[Round "?"]
[White "Federau, Juergen"]
[Black "Michaelsen, Nils"]
[Result "0-1"]
[WhiteElo "2295"]
[BlackElo "2360"]

1.d4 Nf6 2.c4 g6 3.Nc3 d5 4.cxd5 Nxd5 5.e4 Nxc3 6.bxc3 Bg7 7.Bc4 c5 8.Ne2 Nc6
9.Be3 O-O 10.O-O Qc7 11.Rc1 Rd8 12.Qd2 e6 13.Rfd1 a6 14.Bg5 f6 15.Bf4 Qe7
16.Qe3 b5 17.Bb3 c4 18.Bc2 Bb7 19.e5 fxe5 20.dxe5 Qc7 21.Rxd8+ Rxd8 22.Bg5 Rd5
23.Be4 Rd7 24.f4 Ne7 25.Bxe7 Rxe7 26.Rd1 Rd7 27.Rxd7 Qxd7 28.Bxb7 Qxb7 29.Nd4 Kf7
30.a3 Qd5 31.Nf3 Bf8 32.Ng5+ Kg8 33.Ne4 Be7 34.h3 h6 35.Qa7 Qxe4 36.Qxe7 Qe3+
37.Kh1 Qc1+ 38.Kh2 Qxf4+ 39.Kh1 Qxe5 40.Qe8+ Kh7 41.Qe7+ Qg7 42.Qxe6 Qxc3
43.Qxa6 Qa1+ 44.Kh2 Qe5+ 45.g3 h5 46.h4 c3 47.Qa7+ Kh6 48.Qf2 Qc7 49.Qc2 Kh7
50.Kg2 Qc4 51.Kh2 Qd4 52.Qb3 Qf2+ 53.Kh3 c2 54.Qc3 Qf1+ 55.Kh2 c1=Q  0-1

[Event "BL2-W8889"]
[Site "Germany"]
[Date "1989.??.??"]
[Round "?"]
[White "Dermann, Guido"]
[Black "Thiel, Thomas"]
[Result "1/2-1/2"]
[WhiteElo "2330"]
[BlackElo "2215"]

1.d4 Nf6 2.c4 g6 3.Nc3 d5 4.cxd5 Nxd5 5.e4 Nxc3 6.bxc3 Bg7 7.Bc4 c5 8.Ne2 cxd4
9.cxd4 Nc6 10.Be3 Qa5+ 11.Qd2 Qxd2+ 12.Kxd2 O-O 13.Rab1 Rd8 14.Bd5 Nxd4 15.Bxd4 e6
16.Bxg7 Kxg7 17.Ke3 exd5 18.Rhd1 Re8 19.Rxd5 b6 20.Rd4 Be6 21.Rb2 Rac8 22.f3 Rc7
23.Nf4 Rc3+ 24.Kf2 Ra3 25.Nxe6+ Rxe6 26.Rd7 Re5 27.Kg3 Rxe4 28.Rxa7  1/2-1/2

[Event "BL2-S8889"]
[Site "Germany"]
[Date "1989.??.??"]
[Round "?"]
[White "Roemer, Uli"]
[Black "Zollbrecht, Josef"]
[Result "1-0"]
[WhiteElo "2280"]
[BlackElo "2260"]

1.d4 Nf6 2.c4 g6 3.Nc3 d5 4.cxd5 Nxd5 5.e4 Nxc3 6.bxc3 Bg7 7.Bc4 O-O 8.Ne2 c5
9.O-O Nc6 10.Be3 Na5 11.Bd3 b6 12.Qd2 cxd4 13.cxd4 e5 14.dxe5 Bxe5 15.Rac1 Bg7
16.f4 Bb7 17.e5 Qd7 18.Nd4 Rfd8 19.Rfd1 Bf8 20.f5 Qa4 21.Bb5 Qa3 22.e6 fxe6
23.fxg6 hxg6 24.Qf2 e5 25.Qg3 Bg7 26.Rc7 Qf8 27.Rf1 Qe8 28.Bxe8  1-0

[Event "Bundesliga 8889"]
[Site "Germany"]
[Date "1989.??.??"]
[Round "?"]
[White "Wells, Peter K"]
[Black "Kindermann, Stefan"]
[Result "0-1"]
[WhiteElo "2410"]
[BlackElo "2515"]

1.d4 Nf6 2.c4 g6 3.Nc3 d5 4.cxd5 Nxd5 5.e4 Nxc3 6.bxc3 Bg7 7.Nf3 c5 8.Rb1 O-O
9.Be2 cxd4 10.cxd4 Qa5+ 11.Bd2 Qxa2 12.O-O Nd7 13.Bb4 Nb6 14.h3 Bd7 15.Ra1 Qe6
16.Bd3 Be8 17.Re1 Qd7 18.Ra5 Qd8 19.Qb3 Bc6 20.d5 Bd7 21.e5 Re8 22.e6 fxe6
23.dxe6 Bc6 24.Bxg6 hxg6 25.Rg5 Rf8 26.Rxg6 Rf6 27.Rxg7+ Kxg7 28.Bc3 Nd5
29.Bxf6+ Nxf6 30.Ne5 Qg8 31.Re3 Kf8 32.Rg3 Qh7 33.Rg6 Rd8 34.Qg3 Be4 35.Rg5 a5
36.Nf7 Rd1+ 37.Kh2 Ne8 38.Rxa5 Qg6 39.Rg5 Qh7 40.Qf4 Nf6 41.Qb8+ Ne8 42.Rg4 Rh1+
43.Kg3 Bf5 44.Rh4 Qg6+ 45.Kf4 Bxe6 46.Ne5 Qf6+ 47.Kg3 Qg7+ 48.Kf3 Bf5 49.Rf4 e6
50.g4 Rxh3+ 51.Ke2 Qc7 52.Qxc7 Nxc7 53.gxf5 Nd5 54.Rd4 Nc3+ 55.Kd2 exf5 56.f3 Nb5
57.Rd8+ Ke7 58.Rd7+ Ke6 59.Rxb7 Rh2+ 60.Ke3 Nd6 61.Ra7 Kxe5 62.Ra5+ Ke6 63.Ra6 Rh4  0-1

[Event "BL2-SW8889"]
[Site "Germany"]
[Date "1989.??.??"]
[Round "?"]
[White "Roeschlau, Bernd"]
[Black "Lex, Christoph"]
[Result "1/2-1/2"]
[WhiteElo "2310"]
[BlackElo "2290"]

1.d4 Nf6 2.c4 g6 3.Nc3 d5 4.cxd5 Nxd5 5.e4 Nxc3 6.bxc3 Bg7 7.Bc4 c5 8.Ne2 Nc6
9.Be3 cxd4 10.cxd4 Qa5+ 11.Kf1 O-O 12.h4 h5 13.Rc1 Bd7 14.Nf4 Kh7 15.e5 Bg4
16.Qb3 Bh6 17.f3 Nxd4 18.Qd3 Qxe5 19.Bxf7 Bxf4 20.Bxg6+ Kh6 21.Bxd4 Qd6 22.Be4 e5
23.fxg4 Bxc1+ 24.Ke2 exd4 25.Rxc1 Rae8 26.Rc4 Rf4 27.Rxd4 Qg6 28.g5+ Kg7
29.Ke3 Rxh4 30.g3 Rhxe4+ 31.Rxe4 Rxe4+ 32.Qxe4 Qxe4+ 33.Kxe4 Kg6 34.Kf4 b5
35.g4 hxg4 36.Kxg4 a5 37.Kf4 b4 38.Ke4 Kxg5 39.Kd4 Kf4 40.Kc4 Ke3 41.Kb5 Kd3
42.Kxa5 Kc4 43.Ka4 Kc3 44.Kb5 Kb2 45.Kxb4 Kxa2  1/2-1/2

[Event "Bundesliga 8889"]
[Site "Germany"]
[Date "1989.??.??"]
[Round "?"]
[White "Michaelsen, Nils"]
[Black "Ruehrig, Volkhard"]
[Result "1-0"]
[WhiteElo "2380"]
[BlackElo "2330"]

1.d4 Nf6 2.c4 g6 3.Nc3 d5 4.cxd5 Nxd5 5.e4 Nxc3 6.bxc3 Bg7 7.Bc4 c5 8.Ne2 Nc6
9.Be3 O-O 10.O-O Bg4 11.f3 Na5 12.Bd3 cxd4 13.cxd4 Be6 14.Rc1 Bxa2 15.Qa4 Be6
16.d5 Bd7 17.Qb4 e6 18.Nc3 b6 19.Rfd1 Re8 20.Ba6 Be5 21.f4 Bxc3 22.Rxc3 exd5
23.Rxd5 Re7 24.Rcd3 Qe8 25.Qd2 Rxe4 26.Rxd7 Qe6 27.Rd8+ Rxd8 28.Rxd8+ Kg7
29.Bd4+ f6 30.Bf2 Nc6 31.Rd6  1-0

[Event "Bundesliga 8889"]
[Site "Germany"]
[Date "1989.??.??"]
[Round "?"]
[White "Lutz, Christopher"]
[Black "Michaelsen, Nils"]
[Result "1-0"]
[WhiteElo "2375"]
[BlackElo "2360"]

1.d4 Nf6 2.c4 g6 3.Nc3 d5 4.cxd5 Nxd5 5.e4 Nxc3 6.bxc3 Bg7 7.Bc4 c5 8.Ne2 O-O
9.O-O Nc6 10.Be3 Qc7 11.Rc1 Rd8 12.Bf4 e5 13.Bg5 Re8 14.d5 Na5 15.Bb5 Bd7
16.Bxd7 Qxd7 17.c4 b6 18.Bd2 Nb7 19.Nc3 Nd6 20.Qe2 f5 21.exf5 gxf5 22.f3 Re7
23.a4 Bf6 24.a5 bxa5 25.Be3 Rc8 26.Qa2 Rg7 27.Kh1 Kh8 28.Na4 Nb7 29.Rb1 Be7
30.Rb5 Bd6 31.Rfb1 Rc7 32.Bd2 Qe8 33.Bc3 Kg8 34.Qc2 Qh5 35.f4 Rge7 36.fxe5 Bxe5
37.Bxe5 Rxe5 38.Qc3 Rce7 39.Qg3+ Kf8 40.Nxc5 Nxc5 41.Rb8+ Kf7 42.Qg8+ Kf6
43.Rf8+ Rf7 44.Qh8+ Kg5 45.Rg8+  1-0

[Event "Groningen op"]
[Site "Groningen"]
[Date "1989.??.??"]
[Round "2"]
[White "Ermenkov, Evgenij"]
[Black "De Boer, Gert Jan"]
[Result "0-1"]
[WhiteElo "2490"]
[BlackElo "2385"]

1.d4 Nf6 2.c4 g6 3.Nc3 d5 4.cxd5 Nxd5 5.e4 Nxc3 6.bxc3 Bg7 7.Be3 c5 8.Qd2 Qa5
9.Rb1 a6 10.Ne2 Nc6 11.f4 cxd4 12.cxd4 Qxd2+ 13.Kxd2 e6 14.g3 b5 15.Bg2 Bb7
16.e5 O-O 17.Rhc1 Rfc8 18.Nc3 Rd8 19.Ke1 Rab8 20.d5 exd5 21.Bb6 Re8 22.Bc7 Rbc8
23.Nxd5 Nxe5 24.Kf1 Nc4 25.Rxc4 Bxd5 26.Rc5 Bc4+ 27.Rxc4 bxc4 28.Ba5 c3 29.Bh3 c2
30.Rc1 Bb2 31.Bxc8 Bxc1 32.Bd7 Bb2 33.Bxe8 c1=Q+ 34.Kg2 Bd4 35.Bd7 Qc5  0-1

[Event "Groningen op"]
[Site "Groningen"]
[Date "1989.??.??"]
[Round "8"]
[White "Vladimirov, Evgeny"]
[Black "Van Mil, Johannes A J"]
[Result "0-1"]
[WhiteElo "2550"]
[BlackElo "2370"]

1.d4 Nf6 2.c4 g6 3.Nc3 d5 4.cxd5 Nxd5 5.e4 Nxc3 6.bxc3 Bg7 7.Bc4 c5 8.Ne2 Nc6
9.Be3 O-O 10.O-O Bd7 11.Rb1 a6 12.f4 b5 13.Bd5 e6 14.Bb3 cxd4 15.cxd4 Na5
16.Rc1 Rc8 17.Qd2 Bc6 18.Ng3 Nxb3 19.axb3 Qd7 20.f5 exf5 21.exf5 Rfe8 22.f6 Bh8
23.Bg5 Bb7 24.Rxc8 Qxc8 25.h4 Qg4 26.Qd3 h6 27.Bxh6 Be4 28.Qe3 Bc6 29.Qf4 Re2
30.Rf2 Qxf4 31.Bxf4 Rxf2 32.Kxf2 Bxf6 33.Ke3 Bxh4 34.Ne4 a5 35.Nc3 b4 36.d5 Bb7
37.g3 Bd8  0-1

[Event "EU-chT"]
[Site "Haifa"]
[Date "1989.??.??"]
[Round "1"]
[White "Marin, Mihail"]
[Black "Allen, Keith"]
[Result "1-0"]
[WhiteElo "2475"]
[BlackElo "2320"]

1.d4 Nf6 2.c4 g6 3.Nc3 d5 4.cxd5 Nxd5 5.e4 Nxc3 6.bxc3 Bg7 7.Bc4 c5 8.Ne2 O-O
9.Be3 Nc6 10.Rc1 cxd4 11.cxd4 Qa5+ 12.Kf1 Qd8 13.h4 e5 14.Bg5 Bf6 15.d5 Na5
16.Qd2 Nxc4 17.Rxc4 Bg4 18.f3 Bxg5 19.Qxg5 Bd7 20.Qxe5 Bb5 21.Rb4 Ba6 22.Kf2 Rc8
23.Rb2 Re8 24.Qg5 f6 25.Qd2 f5 26.Ng3 Qc7 27.Rd1 fxe4 28.Nxe4 Rxe4 29.fxe4 Qh2
30.Rb3 Qxh4+ 31.Kg1 Qxe4 32.Re3 Qg4 33.d6 Bb5 34.Qd5+  1-0

[Event "EU-chT"]
[Site "Haifa"]
[Date "1989.??.??"]
[Round "4"]
[White "Ftacnik, Lubomir"]
[Black "Sokolov, Ivan"]
[Result "1/2-1/2"]
[WhiteElo "2550"]
[BlackElo "2525"]

1.d4 Nf6 2.c4 g6 3.Nc3 d5 4.cxd5 Nxd5 5.e4 Nxc3 6.bxc3 Bg7 7.Bc4 O-O 8.Ne2 Nc6
9.O-O b6 10.Bd3 Qd7 11.Be3 Bb7 12.Qd2 Rad8 13.Rad1 Na5 14.c4 Ba6 15.Qc2 Nc6
16.Qa4 Na5 17.Qc2 Nc6 18.Qa4 Na5  1/2-1/2

[Event "EU-chT"]
[Site "Haifa"]
[Date "1989.??.??"]
[Round "5"]
[White "Marin, Mihail"]
[Black "Ostenstad, Berge"]
[Result "1/2-1/2"]
[WhiteElo "2475"]
[BlackElo "2430"]

1.d4 Nf6 2.c4 g6 3.Nc3 d5 4.cxd5 Nxd5 5.e4 Nxc3 6.bxc3 Bg7 7.Bc4 c5 8.Ne2 O-O
9.Be3 Nc6 10.Rc1 cxd4 11.cxd4 Qa5+ 12.Kf1 Bd7 13.h4 Rfc8 14.h5 Nd8 15.hxg6 hxg6
16.Qd3 Rc7 17.Rb1 Rac8 18.Bd2 Qa4 19.Bb3 Bb5 20.Qxb5 Qxb5 21.Bxf7+ Kxf7 22.Rxb5 Rc2
23.Be3 Rxa2 24.Rb1 Rcc2 25.Nf4 b6 26.g4 Rab2 27.Kg2 Rxb1 28.Rxb1 Nc6 29.e5 e6
30.Nh3 Ke7 31.Ng5 Na5 32.Rh1 Rc8 33.Rh7 Rg8 34.Ne4 Kf8 35.Ng5 Ke7 36.Ne4 Kf8
37.Ng5  1/2-1/2

[Event "EU-chT"]
[Site "Haifa"]
[Date "1989.??.??"]
[Round "5"]
[White "Sanna, Gianlazzaro"]
[Black "Goormachtigh, Johan"]
[Result "1-0"]
[WhiteElo "2370"]
[BlackElo "2300"]

1.d4 Nf6 2.c4 g6 3.Nc3 d5 4.cxd5 Nxd5 5.e4 Nxc3 6.bxc3 Bg7 7.Nf3 c5 8.Be3 Qa5
9.Qd2 O-O 10.Rb1 a6 11.Rc1 cxd4 12.cxd4 Qxd2+ 13.Nxd2 Nc6 14.d5 Nb4 15.a3 Na2
16.Rc7 e6 17.d6 Be5 18.Nc4 Bc3+ 19.Bd2 b5 20.Bxc3 Nxc3 21.Nb6 Rb8 22.d7 Bb7
23.Rxc3 Bxe4 24.Rc8 Bb7 25.Rxb8  1-0

[Event "EU-chT"]
[Site "Haifa"]
[Date "1989.??.??"]
[Round "6"]
[White "Salov, Valery"]
[Black "Sokolov, Ivan"]
[Result "1-0"]
[WhiteElo "2645"]
[BlackElo "2525"]

1.d4 Nf6 2.c4 g6 3.Nc3 d5 4.cxd5 Nxd5 5.e4 Nxc3 6.bxc3 Bg7 7.Nf3 c5 8.Rb1 O-O
9.Be2 b6 10.O-O Bb7 11.Qd3 Ba6 12.Qe3 cxd4 13.cxd4 Qd7 14.d5 Bxe2 15.Qxe2 Qa4
16.Bg5 Re8 17.Rfc1 Na6 18.Rc4 Qd7 19.Rd1 Nc5 20.e5 Rac8 21.Qc2 Nb7 22.Rc1 Nc5
23.Rd1 Nb7 24.h3 Na5 25.Rxc8 Rxc8 26.Qe2 Nc4 27.e6 Qd6 28.exf7+ Kxf7 29.Bf4 Qd7
30.h4 Bf6 31.Bg5 Qd6 32.h5 b5 33.Bf4 Qd7 34.Bg5 Qd6 35.Bf4 Qd7 36.Ng5+ Kg8
37.Ne6 Kf7 38.Qg4 Rg8 39.Qh3 Rh8 40.Bg5 Bb2 41.Qf3+ Ke8 42.Re1 Be5 43.Bf4 Qd6
44.Rxe5  1-0

[Event "EU-chT"]
[Site "Haifa"]
[Date "1989.??.??"]
[Round "7"]
[White "Marin, Mihail"]
[Black "Kindermann, Stefan"]
[Result "1/2-1/2"]
[WhiteElo "2475"]
[BlackElo "2530"]

1.d4 Nf6 2.c4 g6 3.Nc3 d5 4.cxd5 Nxd5 5.e4 Nxc3 6.bxc3 Bg7 7.Bc4 O-O 8.Ne2 b6
9.h4 Nc6 10.h5 Na5 11.Bd3 e5 12.Be3 Qe7 13.Rc1 c6 14.Qd2 Be6 15.hxg6 fxg6
16.O-O Nc4 17.Bxc4 Bxc4 18.Rfd1 exd4 19.cxd4 Bxe2 20.Qxe2 Qxe4 21.Qc4+ Rf7
22.Qxc6 Qxc6 23.Rxc6 Rd8 24.d5 Rfd7 25.Bf4 Rxd5 26.Rxd5 Rxd5 27.Rc8+ Kf7
28.Rc7+ Kg8 29.Rc8+  1/2-1/2

[Event "Hamburg-ch"]
[Site "Hamburg"]
[Date "1989.??.??"]
[Round "?"]
[White "Michaelsen, Nils"]
[Black "Joecks, Christian"]
[Result "1/2-1/2"]
[WhiteElo "2360"]
[BlackElo "2310"]

1.d4 Nf6 2.c4 g6 3.Nc3 d5 4.cxd5 Nxd5 5.e4 Nxc3 6.bxc3 Bg7 7.Bc4 c5 8.Ne2 O-O
9.O-O Nc6 10.Be3 Bg4 11.f3 Bd7 12.Qd2 Qa5 13.Qb2 b5 14.Qxb5 Qxb5 15.Bxb5 Nxd4
16.Bd3  1/2-1/2

[Event "Haninge"]
[Site "Haninge"]
[Date "1989.??.??"]
[Round "?"]
[White "Cramling, Pia"]
[Black "Ftacnik, Lubomir"]
[Result "0-1"]
[WhiteElo "2480"]
[BlackElo "2550"]

1.d4 Nf6 2.c4 g6 3.Nc3 d5 4.cxd5 Nxd5 5.e4 Nxc3 6.bxc3 Bg7 7.Bc4 O-O 8.Ne2 Nc6
9.O-O b6 10.Be3 Bb7 11.Qd2 Qd6 12.Rad1 Na5 13.Bd3 c5 14.d5 e5 15.f4 f5 16.fxe5 Bxe5
17.Bh6 Rf6 18.Kh1 fxe4 19.Bxe4 Nc4 20.Qg5 Re8 21.Qg4 Rxf1+ 22.Rxf1 Bxd5 23.Ng3 Bxg3
24.Bxd5+ Qxd5 25.Qxg3 Nd6 26.Qf2 Nf5 27.Bf4 Qd3 28.h3 h5 29.Re1 Kf7 30.Rxe8 Kxe8
31.Qe1+ Kd7 32.Qe5 Qb1+ 33.Kh2 Qxa2 34.Qc7+ Ke8 35.Qh7 Qf7 36.Qh8+ Kd7 37.Qb8 Kc6
38.Qc8+ Kb5 39.Qd8 Kc4 40.Qd2 Kb5 41.Qd3+ Qc4 42.Qd7+ Ka6 43.Bb8 Qe4 44.Qxa7+ Kb5
45.Qd7+ Kc4 46.Qa4+ Kd3 47.Qb3 Ne3 48.Qb1+ Nc2 49.Qxb6 c4 50.Qb2 h4 51.Bc7 Qf5
52.Bb8 Qf6 53.Qb5 Ne3 54.Qb1+ Nc2 55.Qb5 Qxc3 56.Qg5 Qd4 57.Qxg6+ Qe4 58.Qb6 c3
59.Qb5+ Kd2 60.Qd7+ Nd4 61.Qd8 c2 62.Qg5+ Kd1 63.Bf4 Ne2 64.Be3 Qd3 65.Qe5 c1=Q  0-1

[Event "Haninge"]
[Site "Haninge"]
[Date "1989.??.??"]
[Round "?"]
[White "Cramling, Pia"]
[Black "Andersson, Ulf"]
[Result "1/2-1/2"]
[WhiteElo "2480"]
[BlackElo "2620"]

1.d4 Nf6 2.c4 g6 3.Nc3 d5 4.cxd5 Nxd5 5.e4 Nxc3 6.bxc3 Bg7 7.Bc4 O-O 8.Ne2 c5
9.O-O Nc6 10.Be3 Na5 11.Bd3 cxd4 12.cxd4 b6 13.Rc1 e6 14.Qd2 Bb7 15.h4 Qd7
16.Bh6 Bxh6 17.Qxh6 Nc6 18.Bb5 a6 19.Bxc6 Bxc6 20.Qe3 Rac8 21.h5 Bb5 22.Rxc8 Rxc8
23.Rd1 Bxe2 24.Qxe2 Qb5 25.Qxb5 axb5 26.Rb1 gxh5 27.Rxb5 Rc1+ 28.Kh2 Rc2
29.f3 Rxa2 30.Rxb6 Rd2 31.Rb8+ Kg7 32.Rd8 Kf6 33.Kh3 h6 34.Rd7 Kg6 35.Kg3 Re2
36.Rd6 Kg7 37.Rd8 Kf6 38.Kh3 Kg7 39.Rd6 Kh7 40.Kg3 Kg7 41.d5  1/2-1/2

[Event "Hastings8990"]
[Site "Hastings"]
[Date "1989.??.??"]
[Round "?"]
[White "Jussupow, Artur"]
[Black "Gulko, Boris F"]
[Result "0-1"]
[WhiteElo "2610"]
[BlackElo "2610"]

1.d4 Nf6 2.c4 g6 3.Nc3 d5 4.cxd5 Nxd5 5.e4 Nxc3 6.bxc3 Bg7 7.Bc4 O-O 8.Ne2 Nc6
9.O-O b6 10.Bg5 Bb7 11.Qd2 Qd6 12.Rad1 Na5 13.Bd3 c5 14.d5 e6 15.c4 Ba6 16.Qc2 exd5
17.exd5 Qd7 18.Ng3 Rae8 19.Bd2 Nb7 20.Ne4 Nd6 21.Nxd6 Qxd6 22.Qa4 Bc8 23.Qxa7 Be5
24.h3 Bd4 25.Kh1 Qf6 26.Be3 Bxh3 27.Bxd4 cxd4 28.d6 Re5 29.f4 Re3 30.Qb7 Qh4
31.Kg1 Bxg2 32.Qxg2 Rg3 33.Be4 Rxg2+ 34.Bxg2 Qf6 35.d7 Qd6 36.f5 Qxd7 37.Bd5 Qe7
38.Rf3 Qe5 39.Rdf1 g5 40.f6 Re8 41.Kh1 g4 42.Rf5 Qe3 43.Rh5 Re5 44.Rh2 d3
45.Bxf7+ Kxf7 46.Rxh7+ Kg6 47.f7 Kxh7 48.f8=Q Qh3+  0-1

[Event "HUN-ch"]
[Site "?"]
[Date "1989.??.??"]
[Round "?"]
[White "Petran, Pal"]
[Black "Groszpeter, Attila"]
[Result "0-1"]
[WhiteElo "2440"]
[BlackElo "2500"]

1.d4 Nf6 2.c4 g6 3.Nc3 d5 4.cxd5 Nxd5 5.e4 Nxc3 6.bxc3 Bg7 7.Bc4 c5 8.Ne2 Nc6
9.Be3 O-O 10.O-O Bg4 11.f3 Bd7 12.Rc1 Rc8 13.Qd2 Qa5 14.d5 Ne5 15.Bb3 c4
16.Bc2 e6 17.f4 Nd3 18.Bxd3 cxd3 19.Nd4 exd5 20.e5 Qa6 21.Rf3 f6 22.e6 Bxe6
23.Nxe6 Qxe6 24.f5 Qe4 25.Rf4 Qe5 26.Rf3 a6 27.Qxd3 Qe4 28.Qd2 Rfe8 29.Rcf1 g5
30.h3 h6 31.Qb2 b5 32.Bd4 Qe7 33.h4 g4 34.Re3 Qd7 35.Rxe8+ Rxe8 36.h5 Qc6
37.Rf4 Re4 38.Rxe4 dxe4 39.Qe2 b4 40.cxb4 Qc1+ 41.Kh2 Qf4+ 42.g3 Qg5 43.Qxe4 Kh7
44.Qe6 Qd2+  0-1

[Event "Illinois"]
[Site "Illinois"]
[Date "1989.??.??"]
[Round "?"]
[White "Colias, Billy"]
[Black "Martinovsky, Eugene"]
[Result "0-1"]
[WhiteElo "2230"]
[BlackElo "2335"]

1.d4 Nf6 2.c4 g6 3.Nc3 d5 4.cxd5 Nxd5 5.e4 Nxc3 6.bxc3 Bg7 7.Bc4 Nc6 8.Nf3 O-O
9.O-O Na5 10.Be2 c5 11.Be3 b6 12.dxc5 Qc7 13.cxb6 axb6 14.Rb1 Nc4 15.Bg5 Rxa2
16.Bxe7 Qxe7 17.Bxc4 Ra3 18.Rxb6 Rxc3 19.Bd5 Bg4 20.Rb7 Qf6 21.e5 Qf4 22.Qd4 Rxf3
23.Bxf7+ Rxf7 24.Qd5 Bxe5 25.Qd8+ Rf8 26.Qd5+ Kh8 27.g3 Qd4  0-1

[Event "JUG-ch"]
[Site "?"]
[Date "1989.??.??"]
[Round "?"]
[White "Maksimovic, Branimir"]
[Black "Lalic, Bogdan"]
[Result "1/2-1/2"]
[WhiteElo "2425"]
[BlackElo "2525"]

1.d4 Nf6 2.c4 g6 3.Nc3 d5 4.cxd5 Nxd5 5.e4 Nxc3 6.bxc3 Bg7 7.Bc4 c5 8.Ne2 O-O
9.O-O Nc6 10.Be3 Bg4 11.f3 Na5 12.Bd3 cxd4 13.cxd4 Be6 14.Rc1 Bxa2 15.d5 e6
16.Qa4 Bb3 17.Qb4 exd5 18.Rc5 Bc4 19.Rxa5 Bxd3 20.Rxd5 Bxe2 21.Rxd8 Rfxd8
22.Re1 a5 23.Qe7  1/2-1/2

[Event "URS-sf Ukraine-ch"]
[Site "Kherson"]
[Date "1989.??.??"]
[Round "?"]
[White "Shneider, Aleksandr"]
[Black "Huzman, Alexander"]
[Result "1/2-1/2"]
[WhiteElo "2495"]
[BlackElo "2475"]

1.d4 Nf6 2.c4 g6 3.Nc3 d5 4.cxd5 Nxd5 5.e4 Nxc3 6.bxc3 Bg7 7.Bc4 c5 8.Ne2 Nc6
9.Be3 cxd4 10.cxd4 Qa5+ 11.Bd2 Qd8 12.d5 Ne5 13.Bc3 O-O 14.Bb3 Qb6 15.O-O Bg4
16.h3 Bxe2 17.Qxe2 Rfc8 18.Rac1 a5 19.Bd2 h5 20.Kh1 Rxc1 21.Rxc1 a4 22.Bd1 Nd7
23.Rc4 Qb1 24.Bb4 Kf8 25.Qc2 Qxc2 26.Rxc2 Be5 27.Be2 Bd6 28.Bd2 b6 29.Rc6 Nc5
30.f3 Rb8 31.Bc3 Nd7 32.Bd4 b5 33.Bxb5 f6 34.Rxd6 exd6 35.Bxd7 Ke7 36.Be6 a3
37.Bc3 Rb2 38.f4 Rxa2 39.e5 fxe5 40.fxe5 Rb2 41.exd6+ Kxd6 42.Bf7  1/2-1/2

[Event "Las Palmas op"]
[Site "Las Palmas"]
[Date "1989.??.??"]
[Round "?"]
[White "Sarmiento, Braulio Alfonso"]
[Black "Doncevic, Dario"]
[Result "1/2-1/2"]
[WhiteElo "2280"]
[BlackElo "2360"]

1.d4 Nf6 2.c4 g6 3.Nc3 d5 4.cxd5 Nxd5 5.e4 Nxc3 6.bxc3 Bg7 7.Qa4+ Qd7 8.Qxd7+ Bxd7
9.Be3 c5 10.Rc1 O-O 11.Nf3 cxd4 12.cxd4 Nc6 13.d5 Ne5 14.Nxe5 Bxe5 15.f4 Bd6
16.e5 Bb4+ 17.Kf2 Bf5 18.Rc4 a5 19.Be2 Rfc8 20.Rhc1 Rxc4 21.Bxc4 Rc8 22.Be2 Rxc1
23.Bxc1 Be4 24.Bf3 Bb1 25.a3 Bc5+ 26.Ke2 a4 27.d6 exd6 28.exd6 Bxd6 29.Bxb7 Ba2
30.Bc6 Bb3  1/2-1/2

[Event "EUCup Las Palmas-Moscow"]
[Site "Las Palmas"]
[Date "1989.??.??"]
[Round "?"]
[White "Brito, Alfredo"]
[Black "Krasenkow, Michal"]
[Result "1/2-1/2"]
[WhiteElo "2360"]
[BlackElo "2525"]

1.d4 Nf6 2.c4 g6 3.Nc3 d5 4.cxd5 Nxd5 5.e4 Nxc3 6.bxc3 Bg7 7.Bc4 c5 8.Ne2 Nc6
9.Be3 O-O 10.O-O Bg4 11.f3 Na5 12.Bd3 cxd4 13.cxd4 Be6 14.Rc1 Bxa2 15.Qa4 Be6
16.d5 Bd7 17.Qb4 e6 18.Rfd1 exd5 19.exd5 b6 20.Ba6 Qf6 21.Bd4 Qg5 22.Bxg7 Kxg7
23.Rc7 Rfd8 24.Qf4 Qxf4 25.Nxf4 Kf8 26.Re1 Nb3 27.Bb7 Rab8 28.d6 Nc5 29.Bd5 Re8
30.Rc1 Rbd8 31.Rxa7 Re5 32.Ba2 Be8 33.Rd1 Rf5 34.Ne2 Rf6 35.Nc3 Rfxd6 36.Rxd6 Rxd6
37.Nd5 b5 38.Ra8 Ne6 39.Rb8 Ra6 40.Nc3 Ra3 41.Bxe6 fxe6 42.Ne4 Ke7 43.Rb7+ Kd8
44.Rb8+  1/2-1/2

[Event "Leningrad-chT"]
[Site "Leningrad"]
[Date "1989.??.??"]
[Round "?"]
[White "Dautov, Rustem"]
[Black "Korsunsky, Rostislav R"]
[Result "1-0"]
[WhiteElo "2535"]
[BlackElo "2390"]

1.d4 Nf6 2.c4 g6 3.Nc3 d5 4.cxd5 Nxd5 5.e4 Nxc3 6.bxc3 Bg7 7.Bb5+ Bd7 8.Be2 O-O
9.Nf3 c5 10.O-O cxd4 11.cxd4 Bg4 12.Rb1 Bxf3 13.Bxf3 Bxd4 14.Rxb7 Na6 15.Bg5 Nc5
16.Bxe7 Bxf2+ 17.Kxf2 Qxd1 18.Rxd1 Nxb7 19.e5 Rfd8 20.Rb1 Rd7 21.Rxb7 Rxb7
22.Bxb7 Rb8 23.Bd5 Rb5 24.Bb3 Rxe5 25.Bd6 Rb5 26.Ke3 h5 27.Kd4 Kg7 28.Bc5 a6
29.Kd5 f6 30.Kc6 h4 31.h3 g5 32.Bd4 Kg6 33.Bc4 Ra5 34.Bb3 Rb5 35.Bc4 Ra5
36.Kb6 Ra4 37.Kc5 f5 38.Bb3 Ra5+ 39.Kb6 Rb5+ 40.Kxa6 Rb8 41.Bb6 g4 42.a4 f4
43.hxg4 f3 44.gxf3 h3 45.Bd5 Rf8 46.Bc7 Kg5 47.Bg3 Rd8 48.Bb7 Rd1 49.a5 Rg1
50.Bh2 Rb1 51.Ka7 Kh4 52.a6 Rb2 53.Bc7  1-0

[Event "Lillafured"]
[Site "Lillafured"]
[Date "1989.??.??"]
[Round "?"]
[White "Lukacs, Peter"]
[Black "Van Mil, Johannes A J"]
[Result "1-0"]
[WhiteElo "2465"]
[BlackElo "2370"]

1.d4 Nf6 2.c4 g6 3.Nc3 d5 4.cxd5 Nxd5 5.e4 Nxc3 6.bxc3 Bg7 7.Bc4 c5 8.Ne2 Nc6
9.Be3 cxd4 10.cxd4 Qa5+ 11.Bd2 Qd8 12.Bc3 Bg4 13.f3 Bd7 14.Qd2 O-O 15.h4 Qc7
16.Rc1 Rfd8 17.Bb3 Qb6 18.h5 Rac8 19.hxg6 hxg6 20.Rb1 Kf8 21.Qf4 Be8 22.d5 Nd4
23.Bxd4 Bxd4 24.e5 Bf2+ 25.Kf1 Qe3 26.Rh8+ Kg7 27.Qh2 Rc1+ 28.Rxc1  1-0

[Event "Lillafured"]
[Site "Lillafured"]
[Date "1989.??.??"]
[Round "?"]
[White "Polgar, Zsuzsa"]
[Black "Rajkovic, Dusan"]
[Result "1/2-1/2"]
[WhiteElo "2510"]
[BlackElo "2500"]

1.d4 Nf6 2.c4 g6 3.Nc3 d5 4.cxd5 Nxd5 5.e4 Nxc3 6.bxc3 Bg7 7.Qa4+ Qd7 8.Qxd7+ Nxd7
9.Ba3 b6 10.Bd3 e5 11.Ne2 Bb7 12.Rd1 O-O-O 13.f3 Bf8 14.Bc1 Be7 15.Bc4 f6
16.Bh6 Bf8 17.Be3 Re8 18.Kf2 Bd6 19.Ng3 Re7 20.Bh6 Kb8 21.h4 exd4 22.cxd4 c5
23.Be3 cxd4 24.Bxd4  1/2-1/2

[Event "Lillafured"]
[Site "Lillafured"]
[Date "1989.??.??"]
[Round "?"]
[White "Lukacs, Peter"]
[Black "Polajzer, Danilo"]
[Result "1/2-1/2"]
[WhiteElo "2465"]
[BlackElo "2345"]

1.d4 Nf6 2.c4 g6 3.Nc3 d5 4.cxd5 Nxd5 5.e4 Nxc3 6.bxc3 Bg7 7.Bc4 c5 8.Ne2 Nc6
9.Be3 O-O 10.O-O Bg4 11.f3 Na5 12.Bd3 cxd4 13.cxd4 Be6 14.Rc1 Bxa2 15.Qa4 Be6
16.d5 Bd7 17.Qb4 b6 18.f4 e5 19.fxe5 Bxe5 20.Nd4 Nb7 21.Qd2 Nc5 22.Bc2 Bg7
23.Rce1 Qe8 24.Bf4 Ba4 25.e5 Rd8 26.Bxa4 Qxa4 27.d6 Rd7 28.Bg5 Bxe5 29.Rxe5 Rxd6
30.Nf5 Rxd2 31.Ne7+ Kg7 32.Bf6+  1/2-1/2

[Event "Lillafured"]
[Site "Lillafured"]
[Date "1989.??.??"]
[Round "?"]
[White "Blees, Albert"]
[Black "Krasenkow, Michal"]
[Result "1/2-1/2"]
[WhiteElo "2345"]
[BlackElo "2525"]

1.d4 Nf6 2.c4 g6 3.Nc3 d5 4.cxd5 Nxd5 5.e4 Nxc3 6.bxc3 Bg7 7.Bc4 c5 8.Ne2 Nc6
9.Be3 O-O 10.O-O Bg4 11.f3 Na5 12.Bd3 cxd4 13.cxd4 Be6 14.d5 Bxa1 15.Qxa1 f6
16.Rb1 b6 17.Bh6 Qd6 18.Bxf8 Rxf8 19.Rc1 Bd7 20.Nd4 Rc8 21.Rxc8+ Bxc8 22.Qc3 Bd7
23.Bb5 e5 24.dxe6 Bxe6 25.Nxe6 Qxe6 26.h4 Qe5 27.Qc8+ Kg7 28.Qd7+ Kg8 29.Bf1 Qc5+
30.Kh1 Qf2 31.Qc8+ Kg7 32.Qc7+ Kh6 33.Qf4+ Kg7 34.Qc7+  1/2-1/2

[Event "Linares"]
[Site "Linares"]
[Date "1989.??.??"]
[Round "?"]
[White "Ljubojevic, Ljubomir"]
[Black "Timman, Jan H"]
[Result "1/2-1/2"]
[WhiteElo "2580"]
[BlackElo "2610"]

1.d4 Nf6 2.c4 g6 3.Nc3 d5 4.cxd5 Nxd5 5.e4 Nxc3 6.bxc3 Bg7 7.Bc4 O-O 8.Ne2 c5
9.Be3 Nc6 10.O-O Bg4 11.f3 Na5 12.Bxf7+ Rxf7 13.fxg4 Rxf1+ 14.Kxf1 Qd6 15.e5 Qd5
16.Bf2 Rd8 17.Qc2 Qc4 18.Qb2 Rf8 19.Kg1 Bh6 20.Rd1 Qa4 21.Re1 cxd4 22.Nxd4 Qc4
23.h3 b6 24.Nf3 Rd8 25.Bd4 Bf4 26.Kf2 Qd5 27.Qb1 Nc4 28.Qe4 Nb2 29.Qc2 Qb5
30.Rb1 Nd3+ 31.Kf1 Qc4 32.Qe2 b5 33.Ne1 Nxe5 34.Rxb5 Qf7 35.Kg1 Nc6 36.Nf3 Nxd4
37.cxd4 Rc8 38.Rc5 Rb8 39.Rb5 Rc8 40.Rc5 Rb8  1/2-1/2